In Pursuit Of Mi Amor/ (Record no. 185451)

MARC details
000 -LEADER
fixed length control field 00563nam a22001817a 4500
005 - DATE AND TIME OF LATEST TRANSACTION
control field 20220203103005.0
010 ## - LCCN (DPL NO)
LC control number ENG-131169
020 ## - INTERNATIONAL STANDARD BOOK NUMBER
International Standard Book Number 9789390869107
Terms of availability 250.00
035 ## - SYSTEM CONTROL NUMBER
System control number EN-114901
037 ## - SOURCE OF ACQUISITION
Source of stock number/acquisition DBAD
082 ## - DEWEY DECIMAL CLASSIFICATION NUMBER
Classification number S
100 ## - MAIN ENTRY--PERSONAL NAME
Personal name Parashar, Sujata
245 ## - TITLE STATEMENT
Title In Pursuit Of Mi Amor/
Statement of responsibility, etc Sujata Parashar
260 ## - PUBLICATION, DISTRIBUTION, ETC. (IMPRINT)
Place of publication, distribution, etc Maharashtra
Name of publisher, distributor, etc Vihwakarma Publications
Date of publication, distribution, etc 2021
270 ## - ADDRESS
Address 34A/1, Suyog Center, 7th Floor, Gultekadi Marketyard Road, Giridhar Bhavan Chowk
City Pune
Postal code 411037
Electronic mail address info@vpindia.co.in
300 ## - PHYSICAL DESCRIPTION
Extent 185p.
Dimensions 22cm(pbk)
942 ## - ADDED ENTRY ELEMENTS (KOHA)
Source of classification or shelving scheme Dewey Decimal Classification
Item type English Books
Classification part S
Call number suffix PAR
Holdings
Withdrawn status Lost status Not for loan Collection code Home library Current library Date acquired Source of acquisition Cost, normal purchase price Full call number Barcode Copy number Cost, replacement price Koha item type
    Not For Loan Fiction D.B.Act.Division Mobile Library 03/02/2022 DBAD/PUB 250.00 S PAR EN-114901 1 250.00 English Books

© Delhi Public Library
Hit Counter
free hit counter